MARC

LEADER 00000nam0a2200000 4500
001 356214
005 20240914063128.0
035 |a (RuTPU)RU\TPU\retro\13474 
090 |a 356214 
100 |a 20200716d1983 km y0rusy50 ca 
101 0 |a rus 
102 |a RU 
105 |a a z 001zb 
181 0 |b  e  
182 0 |a n 
183 0 |a nc  |2 RDAcarrier 
200 1 |a А. С. Пушкин в портретах. Иллюстрации  |f Е. В. Павлова 
210 |a Москва  |c Советский художник  |d 1983 
215 |a 373 с.  |c ил. 
283 |a volume 
320 |a Список иллюстраций: с. 339-358 
422 1 |0 (RuTPU)RU\TPU\retro\13475  |t А. С. Пушкин в портретах  |f Е. В. Павлова  |c Москва  |n Советский художник  |d 1983  |p 151 с.  |a Павлова, Екатерина Всеволодовна 
600 1 |a Пушкин  |b А. С.  |c российский поэт  |c писатель  |f 1799-1837  |g Александр Сергеевич  |7 ca  |8 rus  |2 stltpush  |3 (RuTPU)RU\TPU\pers\1026  |9 453 
606 1 |a Изобразительное искусство  |2 stltpush  |3 (RuTPU)RU\TPU\subj\12291  |9 39102 
606 1 |a Русская литература, дореволюционная  |x История и критика  |2 stltpush  |3 (RuTPU)RU\TPU\subj\26372  |9 50315 
610 1 |a русские поэты 
610 1 |a 19 век 
610 1 |a история 
610 1 |a портреты 
610 1 |a портретная живопись 
610 1 |a портретное искусство 
610 1 |a скульптуры 
610 1 |a литературоведение 
675 |a 7  |v 4 
675 |a 8Р1(092)  |v 4 
700 1 |a Павлова  |b Е. В.  |g Екатерина Всеволодовна 
801 1 |a RU  |b 63413507  |c 20200716 
801 2 |a RU  |b 63413507  |c 20200723  |g RCR 
942 |c BK